000
00190nam a2200085Ia 4500
008
120527s9999 xx 000 0 und d
100
_a
Corfman, Eunice
245
_a
Families today
942
_c
BK
999
_c
27611
_d
27611